| 000 | 00834cam a2200265 4500 | ||
|---|---|---|---|
| 001 | M2116 | ||
| 008 | 090401t1996 xxu||||| |||| 00| 0 eng d | ||
| 035 | _a(Sirsi) u36554 | ||
| 041 | _aeng | ||
| 050 | _a333.0062 | ||
| 090 | _aRICS 1996/43AC | ||
| 110 |
_aRoyal Institution of Chartered Surveyors _94900 |
||
| 245 | _aDisciplinary procedures : review by the working party on disciplinary procedures of the Standards and Practice Committee. | ||
| 260 |
_aLondon _bRICS _c1996 |
||
| 300 | _a26p. ; 30cm. | ||
| 350 | _a0 | ||
| 650 | _aABOUT RICS-RICS MEMBERS | ||
| 650 | _aDISCIPLINARY PROCEDURES | ||
| 650 | _aPROFESSIONAL CONDUCT | ||
| 650 | _aPROFESSIONAL PRACTICE | ||
| 650 | _aSTANDARDS AND PRACTICE COMMITTEE | ||
| 690 | _aMANAGEMENT-BUSINESS MANAGEMENT-PROFESSIONAL PRACTICE | ||
| 942 | _n0 | ||
| 948 | _c04/03/1997 | ||
| 999 |
_c90329 _d90329 |
||